00332nam a2200133Ia 4500003000400000008004100004040001600045082001600061100002100077245004800098260003000146300001000176650001200186GCL140319s9999 xx 000 0 eng d aGCL / cGCL04a576.64bV B1 aVOYLES, BRUCE A.10aTHE BIOLOGY OF VIRUSES / cVOYLES, BRUCE A. a[S.N] : bMOSBY ، c1993 a386 P04aVIRUSES